| 000 | 00709nam a2200205 i 4500 | ||
|---|---|---|---|
| 003 | DO-SdBNP | ||
| 005 | 20240229073823.0 | ||
| 007 | ta | ||
| 008 | 240219b2012 dr ||||| |||| 00| 0 dr d | ||
| 040 |
_aDO-SdBNP _bspa _cBNPHU _erda |
||
| 082 | 4 | _222 | |
| 100 | 1 |
_aSubero Isa, Jorge A., _d1947- _eautor _976863 |
|
| 245 | 1 | 0 |
_a14 años y la 1ra. Ola de Reforma Judicial 1977-2011 / _cJorga A. Subero Isa ; coordinación, Dianivel Guzmán Castillo |
| 246 | 1 | 0 | _aCatorce años y la primera ola de reforma judicial 1977-2011 |
| 264 |
_aSanto Domingo : _bFINJUS, _c2012. |
||
| 590 | _aInventariado, 2024/BT | ||
| 700 |
_aDianivel Guzmán Castillo, _ecoordinación _984927 |
||
| 910 | _aBtavárez | ||
| 942 |
_2ddc _cLBS1 |
||
| 999 |
_c55966 _d55966 |
||